Cunningham's manual of practical anatomy (Vol. 3): Head, Neck and Brain (Record no. 28818)

MARC details
000 -LEADER
fixed length control field 00525nam a2200193Ia 4500
020 ## - INTERNATIONAL STANDARD BOOK NUMBER
ISBN 9780199229086
050 ## - CALL MARK
Classification number QM 23.2 .C86/
100 ## - STATEMENT OF RESPONSIBILITY--MAIN AUTHOR NAME
Personal name Cunningham, D. J.
245 #0 - TITLE STATEMENT
Title Cunningham's manual of practical anatomy (Vol. 3): Head, Neck and Brain
250 ## - EDITION / VOLUME STATEMENT
Edition / Volume statement 15th ed.
260 ## - PUBLICATION, DISTRIBUTION, ETC. (IMPRINT)
Place of publication New York
260 ## - PUBLICATION, DISTRIBUTION, ETC. (IMPRINT)
Name of publisher Oxford University Press
260 ## - PUBLICATION, DISTRIBUTION, ETC. (IMPRINT)
Year of publication 1986
300 ## - PHYSICAL DESCRIPTION
Number of Pages 346 p
650 ## - SUBJECT ADDED ENTRY--TOPICAL TERM
Topical Term Human anatomy. Dissection.
942 ## - ADDED ENTRY ELEMENTS (KOHA)
Koha item type Books
Holdings
Withdrawn status Lost status Source of classification or shelving scheme Damaged status Not for loan Permanent Location Current Location Shelving location Date acquired Accession Number Price effective from Koha item type
    Library of Congress Classification     NILE UNIVERSITY OF NIGERIA - MAIN LIBRARY NILE UNIVERSITY OF NIGERIA - MAIN LIBRARY Items on shelf 04/23/2025 0186947 04/23/2025 Books